Представление документа в формате RUSMARC

ПолеНазваниеЗначение
  Тип записи a
  Библиографический уровень m
001 Контрольный номер UONB/MAIN/e70b5a25442e43c393d5c66824f04b51
005 Дата корректировки 20260104134732.8
010 Индекс ISBN __
b Уточнения в пер.
d Цена 16 р. 90 к.
9 Тираж 7000 экз.
100 Данные общей обработки __
a Данные общей обработки 20260104d1960 u u0rusy0189 ca
101 Язык документа 0_
a Язык текста rus
102 Страна публикации __
a Страна публикации RU
105 Кодированные данные (монография) __
a Кодированные данные (монография) a z 001yy
200 Заглавие и сведения об ответственности 1_
a Заглавие Основы конструирования автоматических устройств литейного производства
f Первые сведения об ответственности М. В. Чунаев
203 Вид содержания и тип средства __
a Вид содержания Текст
b Характеристика содержания визуальный
c Тип средства непосредственный
210 Выходные данные 1_
a Место издания Москва
c Издательство Машгиз
d Дата издания 1960
215 Физическое описание __
a Объем 460 с.
c Иллюстрации/тип воспроизводства ил., 1 л. черт.
d Формат 23 см
320 Библиография __
a Библиография Библиогр.: с. 455-457
606 Тематические рубрики 0_
a Основная рубрика Литейное производство
x Основная подрубрика Автоматизация
610 Ключевые слова 0_
a Ключевые слова литейное производство; литейное производство автоматизация
675 Индекс УДК __
a Индекс УДК 6П4.1
686 Индексы других классификаций __
a Классификационный индекс 34.61
2 Код системы rubbk
700 Автор _1
a Фамилия Чунаев
b Имя (инициалы) М. В.
g Полное личное имя Михаил Васильевич
801 Источник записи _0
a Страна RU
b Организация Ульяновская ОНБ
c Дата составления 20260104
g Правила каталогизации RCR
801 Источник записи _1
a Страна RU
b Организация Ульяновская ОНБ
c Дата составления 20260104
g Правила каталогизации RCR
901 Тип документа __
t Тип документа m
909 Создатель записи __
a Создатель записи Горбункова
b Дата создания записи 20260104